| 000 | 00762nam a2200229 a 4500 | ||
|---|---|---|---|
| 005 | 20250227063829.0 | ||
| 008 | 060525s2004 mx r 000 0 spa d | ||
| 020 | _a9582007583 | ||
| 035 | _aUPN01000144750 | ||
| 049 | _aCG | ||
| 050 | 4 |
_aLB1028.43 _bM8.7 |
|
| 100 | 1 | _aMurcia Florián, Jorge Hernando | |
| 245 | 1 | 0 |
_aRedes del saber : _binvestigación virtual, proceso educativo y autoformación integral / _cJorge Hernando Murcia Florián. |
| 260 |
_aBogotá : _bCooperativa Editorial Magisterio, _c2004. |
||
| 300 | _a139 p. | ||
| 440 | 0 | _aAlma mater | |
| 650 | 4 |
_aComputadoras en la educación _94976 |
|
| 650 | 4 |
_aInternet en la educación _9602 |
|
| 650 | 4 |
_aTecnología educativa _94978 |
|
| 650 | 4 |
_aInnovaciones educativas _9386 |
|
| 905 | _aLibro | ||
| 999 |
_c116897 _d116897 |
||